01106nam a2200325Ia 4500003001000000005001700010007000300027008004100030020001800071040002800089041000800117082002100125100003000146245017400176250001800350300002500368336002700393337003300420338002800453504002800481650004000509650002700549650004000576650003600616650002200652700002600674700003900700942002400739999001700763CO-BoRNBP20240927145643.0ta130821s1993 ck ab gr spa  a958 95596 2 X aCo-BoUCMbspacCo-BoUCM00aspa04a342.087 S16d2201 aSánchez, Enrique94247010aDerechos e identidad los pueblos indígenas y negros en la Constitución Política de Colombia de 1991cEnrique Sánchez, Roque Roldán, María Fernanda Sánchez a1a. edición a336 páginasc24 cm 2rdacontentatextobtxt 2rdamediaasin mediaciónbn 2rdacarrieravolumenbnc aIncluye bibliografía. aDerecho constitucional2LEMB942471 aDerechos civiles2LEMB aDerechos de los negros2LEMB942472 aIdentidad cultural2LEMB921849 aIndígenas2LEMB1 aRoldán Roque9424731 aSánchez, María Fernanda942474 cBKa82ddch342.087 c38346d38346